[Event "Gothenburg op"]
[Site "Gothenburg"]
[Date "2023.08.13"]
[Round "7"]
[White "Johansson, William"]
[Black "Ottgard, Andreas"]
[Result "0-1"]
[WhiteElo "2052"]
[BlackElo "1874"]
[PlyCount "62"]
[EventDate "2023.08.11"]
[EventType "swiss"]
[EventRounds "8"]
[EventCountry "SWE"]
[SourceTitle "CBM 215 Extra"]
[Source "ChessBase"]
[SourceDate "2023.09.30"]
[SourceVersion "1"]
[SourceVersionDate "2023.09.30"]
[SourceQuality "1"]

1. e4 d6 2. d4 Nf6 3. Nc3 g6 4. Be3 c6 5. a4 Qa5 6. f3 Nbd7 7. Nge2 Bg7 8. g4 h5 9. g5 Ng8 10. Kf2 e6 11. Bh3 Ne7 12. Rf1 Qc7 13. f4 f5 14. gxf6 Nxf6 15. Kg1 Bd7 16. Qd3 Ng4 17. Bxg4 hxg4 18. Ng3 0-0-0 19. Nd1 Rdf8 20. c3 Kb8 21. a5 e5 22. dxe5 dxe5 23. Bc5 Nc8 24. Bxf8 Bxf8 25. f5 gxf5 26. Nxf5 Bxf5 27. Rxf5 Bc5+ 28. Nf2 Rh3 29. Qe2 Qh7 30. b4 Rxh2 31. bxc5 g3 0-1